Mountain Ranges by Continent - Click Quiz - Statistics

General Stats
  • This quiz has been taken 129 times
  • The average score is 14 of 20
Answer Stats
Hint Answer % Correct
Andes South America
95%
Himalayas Asia
94%
Alps Europe
94%
Hindu Kush Asia
92%
Pyrenees Europe
92%
Alaska Range North America
92%
Rocky Mountains North America
92%
Cascade Range North America
79%
Rwenzori Mountains Africa
76%
Pamir Mountains Asia
74%
Atlas Mountains Africa
73%
Carpathian Mountains Europe
71%
Dinaric Alps Europe
71%
Great Dividing Range Oceania
70%
Southern Alps Oceania
63%
Altai Mountains Asia
58%
Drakensberg Africa
55%
Saint Elias Mountains North America
37%
Ellsworth Mountains Antarctica
30%
Sierra Nevada de Santa Marta South America
22%
No matching quizzes found
Score Distribution
Percent of People with Each Score
Percentile by Number Answered
Your Score History
You have not taken this quiz